[Event "World Junior Chess Championship U18 b"]
[Site "Gaziantep"]
[Date "2008.08.03"]
[Round "1.1"]
[White "Mamedov, Rauf"]
[Black "Karthikeyan, Pandian"]
[Result "1-0"]
[WhiteElo "2627"]
[BlackElo "2402"]
[PlyCount "87"]
[EventDate "2008.08.??"]
[EventType "swiss"]
[EventRounds "13"]
[EventCountry "TUR"]

1. e4 c5 2. Nf3 d6 3. d4 cxd4 4. Qxd4 a6 5. c4 Bg4 6. Be2 Nc6 7. Qd2 Nf6 8. Nc3
Bxf3 9. Bxf3 g6 10. b3 Bg7 11. Bb2 O-O 12. O-O Qa5 13. Rfd1 Rfc8 14. Rac1 Rab8
15. a3 Qb6 16. b4 Ne5 17. Be2 Qa7 18. Nd5 Nxd5 19. exd5 Nd7 20. Bxg7 Kxg7 21.
Bg4 Rc7 22. c5 Nf6 23. Qd4 Re8 24. Bh3 dxc5 25. bxc5 Rd8 26. Qc3 b6 27. cxb6
Rxc3 28. bxa7 Rxc1 29. Rxc1 Ra8 30. Rc7 Nxd5 31. Rb7 f5 32. g3 Kf6 33. Bg2 Ke5
34. f4+ Kd6 35. Bxd5 Kxd5 36. Rxe7 Kc4 37. Rxh7 Kb3 38. Rb7+ Kxa3 39. Kf2 a5
40. Ke3 a4 41. Kd4 Ka2 42. Kc5 a3 43. Kb4 Kb2 44. Ka4+ 1-0

[Event "World Junior Chess Championship U18 b"]
[Site "Gaziantep"]
[Date "2008.08.03"]
[Round "1.3"]
[White "Andreikin, Dmitry"]
[Black "Benidze, Davit"]
[Result "0-1"]
[WhiteElo "2604"]
[BlackElo "2389"]
[PlyCount "106"]
[EventDate "2008.08.??"]
[EventType "swiss"]
[EventRounds "13"]
[EventCountry "TUR"]

1. e4 c5 2. Nf3 d6 3. Nc3 Nc6 4. d4 cxd4 5. Nxd4 Nf6 6. Bc4 e6 7. Be3 a6 8. Qe2
Qc7 9. Bb3 Be7 10. O-O-O Na5 11. g4 b5 12. g5 Nxb3+ 13. axb3 Nd7 14. Nf5 exf5
15. Nd5 Qd8 16. exf5 Bb7 17. f6 Bxd5 18. Rxd5 gxf6 19. Bd4 Kf8 20. Qh5 Rg8 21.
Re1 Rg7 22. f4 Rc8 23. Rf5 Kg8 24. Qe2 Bf8 25. gxf6 Rg6 26. h4 Nc5 27. Qf3 Qd7
28. Rg5 Ne6 29. Be3 Nxg5 30. fxg5 h6 31. Rg1 Re8 32. Bd2 Re5 33. Qa8 Qe8 34.
Qa7 Qc6 35. Rd1 hxg5 36. hxg5 Rexg5 37. Bxg5 Rxg5 38. Kb1 Rg2 39. c3 Qe4+ 40.
Ka2 b4 41. cxb4 Rxb2+ 42. Kxb2 Qe2+ 43. Kc3 Qxd1 44. Qxa6 Qf3+ 45. Kc2 Qxf6 46.
b5 Qf2+ 47. Kd3 Qf3+ 48. Kc2 Qe2+ 49. Kb1 Qd1+ 50. Ka2 Qc2+ 51. Ka3 d5+ 52. b4
Qc3+ 53. Ka2 Qc4+ 0-1

[Event "World Junior Chess Championship U18 b"]
[Site "Gaziantep"]
[Date "2008.08.03"]
[Round "1.4"]
[White "Narmontas, Matas"]
[Black "Laznicka, Viktor"]
[Result "1-0"]
[WhiteElo "2369"]
[BlackElo "2601"]
[PlyCount "57"]
[EventDate "2008.08.??"]
[EventType "swiss"]
[EventRounds "13"]
[EventCountry "TUR"]

1. e4 c5 2. Nf3 Nc6 3. d4 cxd4 4. Nxd4 e6 5. Nc3 a6 6. Be2 d6 7. O-O Nf6 8. Be3
Be7 9. f4 O-O 10. Kh1 Bd7 11. Qe1 b5 12. a3 Qb8 13. Qg3 Re8 14. Rad1 b4 15.
axb4 Nxb4 16. e5 Nfd5 17. Nxd5 Nxd5 18. Bc1 Ra7 19. Bh5 dxe5 20. fxe5 g6 21.
Qf2 gxh5 22. c4 Ba4 23. b3 Nc3 24. Qg3+ Kh8 25. Qxc3 Bd7 26. Rxf7 Rg8 27. Rxe7
Qd8 28. Ba3 Bc6 29. Rg1 1-0

[Event "World Junior Chess Championship U18 b"]
[Site "Gaziantep"]
[Date "2008.08.03"]
[Round "1.5"]
[White "Baramidze, David"]
[Black "Enchev, Ivajlo"]
[Result "1-0"]
[WhiteElo "2593"]
[BlackElo "2367"]
[PlyCount "63"]
[EventDate "2008.08.??"]
[EventType "swiss"]
[EventRounds "13"]
[EventCountry "TUR"]

1. e4 c5 2. Nf3 d6 3. d4 cxd4 4. Nxd4 Nf6 5. Nc3 a6 6. Be3 e5 7. Nb3 Be6 8. Qd2
Nbd7 9. f3 Be7 10. g4 Nb6 11. g5 Nfd7 12. O-O-O Qc7 13. h4 O-O 14. Kb1 Rfc8 15.
h5 a5 16. Nc1 Nc4 17. Bxc4 Qxc4 18. Qg2 f5 19. gxf6 Nxf6 20. Bh6 Bf8 21. Bxg7
Bxg7 22. h6 Rc7 23. Rxd6 Kh8 24. hxg7+ Rxg7 25. Qh2 Nd7 26. Nd3 Re8 27. f4 exf4
28. Nxf4 b5 29. Nxe6 Rxe6 30. b3 Qxc3 31. Rxe6 Nf6 32. Qe5 1-0

[Event "World Junior Chess Championship U18 b"]
[Site "Gaziantep"]
[Date "2008.08.03"]
[Round "1.6"]
[White "Pacher, Milan"]
[Black "Li, Chao B"]
[Result "0-1"]
[WhiteElo "2361"]
[BlackElo "2590"]
[PlyCount "108"]
[EventDate "2008.08.??"]
[EventType "swiss"]
[EventRounds "13"]
[EventCountry "TUR"]

1. e4 c5 2. Nf3 d6 3. d4 cxd4 4. Nxd4 Nf6 5. Nc3 Nc6 6. Bg5 e6 7. Qd2 a6 8.
O-O-O Bd7 9. f4 b5 10. Bxf6 gxf6 11. Kb1 b4 12. Nce2 Qb6 13. f5 Nxd4 14. Nxd4
e5 15. Nb3 Bc6 16. Bc4 Bxe4 17. Bd5 Bxd5 18. Qxd5 Rc8 19. Nd2 Rg8 20. Ne4 Be7
21. g3 Qc6 22. Nxd6+ Bxd6 23. Qxd6 Rg4 24. Qxc6+ Rxc6 25. b3 Ke7 26. Rd5 Re4
27. Rhd1 Rc7 28. R1d2 h5 29. Rd8 Re1+ 30. Kb2 e4 31. Rh8 Rd7 32. Rxd7+ Kxd7 33.
Rxh5 Kd6 34. Rh7 Rf1 35. Rxf7 Rxf5 36. Kc1 Ke6 37. Ra7 Rd5 38. Rxa6+ Kf5 39.
Ra8 Kg4 40. Ra4 Kf3 41. Rxb4 f5 42. Rb8 e3 43. Re8 e2 44. a4 Rd1+ 45. Kb2 e1=Q
46. Rxe1 Rxe1 47. b4 Ke4 48. Kc3 Kd5 49. Kd3 Re4 50. c3 f4 51. gxf4 Rxf4 52. a5
Rh4 53. a6 Rh3+ 54. Kc2 Ke5 0-1

[Event "World Junior Chess Championship U18 b"]
[Site "Gaziantep"]
[Date "2008.08.03"]
[Round "1.8"]
[White "Anton, Teodor"]
[Black "Zhigalko, Sergei"]
[Result "1/2-1/2"]
[WhiteElo "2353"]
[BlackElo "2583"]
[PlyCount "172"]
[EventDate "2008.08.??"]
[EventType "swiss"]
[EventRounds "13"]
[EventCountry "TUR"]

1. d4 Nf6 2. c4 e6 3. Nc3 Bb4 4. Nf3 O-O 5. g3 b6 6. Bg2 Bb7 7. Qb3 a5 8. O-O
Re8 9. Re1 d6 10. a3 a4 11. Qc2 Bxc3 12. Qxc3 Nbd7 13. Bg5 h6 14. Bxf6 Nxf6 15.
Nd2 Bxg2 16. Kxg2 c5 17. Rad1 Qc7 18. e4 cxd4 19. Qxd4 Rac8 20. Nb1 Red8 21.
Nc3 Qc6 22. Kg1 Rd7 23. Rd2 Rcd8 24. h3 Ne8 25. Red1 Nc7 26. e5 dxe5 27. Qxd7
Rxd7 28. Rxd7 Qxc4 29. R7d6 Nb5 30. Nxb5 Qxb5 31. R1d2 Qc5 32. Kh2 b5 33. Rd8+
Kh7 34. f3 e4 35. fxe4 Qe3 36. R8d4 e5 37. Rd5 f6 38. Rg2 Qxe4 39. Rxb5 f5 40.
Rb4 Qc6 41. b3 axb3 42. Rxb3 f4 43. gxf4 exf4 44. h4 f3 45. Rgb2 Qd6+ 46. Kh3
f2 47. Kg2 Qf4 48. Rxf2 Qxh4 49. Rg3 Qe4+ 50. Kh2 g5 51. Rfg2 Kg6 52. Kg1 Qe1+
53. Kh2 Qf1 54. Rg4 Qa1 55. a4 Qe5+ 56. Kg1 Kf5 57. Kh1 Qd5 58. Kh2 Qd1 59. Rg1
Qd6+ 60. Kh1 Qc6+ 61. R1g2 Qe8 62. Kh2 Kg6 63. Kh1 Qe5 64. Kg1 Kf5 65. Kh1 Qc3
66. Kg1 Kg6 67. Kh2 Qe3 68. Kh1 Qf3 69. Kg1 Qd3 70. Kh1 Qf1+ 71. Kh2 Qe1 72.
Rg1 Qe5+ 73. Kh1 Kf6 74. R1g2 Qe1+ 75. Kh2 Kf7 76. Rg1 Qf2+ 77. R1g2 Qe3 78.
Kh1 Kg7 79. Kh2 Kg6 80. Kh1 Kf6 81. Kh2 Qe5+ 82. Kh1 h5 83. Rxg5 Qe1+ 84. Kh2
Qh4+ 85. Kg1 Qe1+ 86. Kh2 Qh4+ 1/2-1/2

[Event "World Junior Chess Championship U18 b"]
[Site "Gaziantep"]
[Date "2008.08.03"]
[Round "1.9"]
[White "Nguyen, Ngoc Truong Son"]
[Black "Vishnu, Prasanna Vasanthan"]
[Result "1-0"]
[WhiteElo "2579"]
[BlackElo "2341"]
[PlyCount "99"]
[EventDate "2008.08.??"]
[EventType "swiss"]
[EventRounds "13"]
[EventCountry "TUR"]

1. e4 c5 2. Nf3 Nc6 3. Nc3 Nf6 4. Bb5 Qc7 5. O-O Nd4 6. Re1 a6 7. Bf1 e5 8.
Nxd4 cxd4 9. Ne2 d6 10. d3 Be7 11. c3 dxc3 12. Nxc3 O-O 13. Bg5 Be6 14. Rc1 Qa5
15. Qd2 Kh8 16. a3 Rfc8 17. h3 b5 18. Be3 b4 19. axb4 Qxb4 20. d4 Bc4 21. Nd5
Qxd2 22. Bxd2 Bxf1 23. Rxc8+ Rxc8 24. Nxe7 Rc2 25. Bc3 Bb5 26. Nf5 Nd7 27. Nxd6
exd4 28. Bxd4 Kg8 29. Rd1 Be2 30. Re1 f6 31. Nf5 Bb5 32. f3 Ne5 33. Ne3 Rd2 34.
Bc3 Rd3 35. h4 Nc6 36. h5 h6 37. Kf2 a5 38. Rd1 Rxd1 39. Nxd1 Kf7 40. Ne3 a4
41. Nf5 Bd3 42. Ke3 Bc2 43. Nd6+ Ke6 44. Nb7 Ne7 45. Kd2 Bb1 46. Nc5+ Kf7 47.
Nxa4 f5 48. Nc5 fxe4 49. fxe4 g6 50. Kc1 1-0

[Event "World Junior Chess Championship U18 b"]
[Site "Gaziantep"]
[Date "2008.08.03"]
[Round "1.10"]
[White "Kjartansson, Gudmundur"]
[Black "Le Quang, Liem"]
[Result "0-1"]
[WhiteElo "2328"]
[BlackElo "2577"]
[PlyCount "136"]
[EventDate "2008.08.??"]
[EventType "swiss"]
[EventRounds "13"]
[EventCountry "TUR"]

1. d4 Nf6 2. c4 e6 3. Nc3 Bb4 4. Qc2 O-O 5. a3 Bxc3+ 6. Qxc3 b6 7. Bg5 Bb7 8.
e3 d6 9. Ne2 Nbd7 10. Qd3 Qe7 11. Nc3 c5 12. Rd1 h6 13. Bh4 Rfd8 14. d5 Ne5 15.
Qc2 Ng6 16. Bxf6 Qxf6 17. Bd3 Ne5 18. Be2 Qe7 19. O-O Nd7 20. dxe6 fxe6 21. Rd2
Nf6 22. Rfd1 Rd7 23. e4 Rad8 24. Bf3 e5 25. Rd3 Bc6 26. Qe2 Qe6 27. b3 g6 28.
h3 h5 29. Qd2 Kg7 30. h4 Ne8 31. g3 Nc7 32. Bg2 Qf7 33. Rf3 Qe8 34. Nd5 Rf7 35.
Nxc7 Rxc7 36. Rd3 Rf7 37. f3 Rf6 38. Bh3 Qf7 39. Bg2 Qe7 40. a4 a5 41. Qg5 Qf8
42. R1d2 Re8 43. Rd1 Kh7 44. Qe3 Qe7 45. Kf2 Kg7 46. Ke2 Bb7 47. Kd2 Bc6 48.
Kc2 Bb7 49. Kb2 Bc6 50. Ka2 Kh7 51. Qg5 Qf8 52. R1d2 Ree6 53. Bh3 Re8 54. Ka3
Bb7 55. g4 Bc8 56. Bg2 hxg4 57. fxg4 Ree6 58. Rh3 Kg8 59. Rdd3 Rf4 60. h5 Qf6
61. Qxf6 Rexf6 62. g5 Bxh3 63. Bxh3 Rf8 64. hxg6 Rxe4 65. Rxd6 Kg7 66. Rxb6 Rf2
67. Rb7+ Kxg6 68. Rc7 Ree2 0-1

[Event "World Junior Chess Championship U18 b"]
[Site "Gaziantep"]
[Date "2008.08.03"]
[Round "1.11"]
[White "So, Wesley"]
[Black "Djuraev, Sokhib"]
[Result "1-0"]
[WhiteElo "2577"]
[BlackElo "2324"]
[PlyCount "53"]
[EventDate "2008.08.??"]
[EventType "swiss"]
[EventRounds "13"]
[EventCountry "TUR"]

1. e4 e5 2. Bc4 Nf6 3. d3 Nc6 4. Nc3 Bc5 5. f4 d6 6. Nf3 Ng4 7. Qe2 Bf2+ 8. Kf1
Nd4 9. Nxd4 Bxd4 10. f5 Qh4 11. h3 Nf2 12. Rg1 c6 13. Be3 Nxh3 14. Rh1 Bxe3 15.
Rxh3 Qf6 16. Qxe3 g6 17. g4 gxf5 18. gxf5 h5 19. Rg3 h4 20. Qg5 Ke7 21. Qxf6+
Kxf6 22. Rg4 Bd7 23. Kf2 Rh7 24. Rh1 Rah8 25. Kg2 h3+ 26. Kh2 b5 27. Bxb5 1-0

[Event "World Junior Chess Championship U18 b"]
[Site "Gaziantep"]
[Date "2008.08.03"]
[Round "1.12"]
[White "Abdulov, Orkhan"]
[Black "Geetha, Narayanan Gopal"]
[Result "1-0"]
[WhiteElo "2318"]
[BlackElo "2572"]
[PlyCount "91"]
[EventDate "2008.08.??"]
[EventType "swiss"]
[EventRounds "13"]
[EventCountry "TUR"]

1. e4 c5 2. Nf3 d6 3. d4 cxd4 4. Nxd4 Nf6 5. Nc3 a6 6. Be2 e5 7. Nb3 Be7 8. Bg5
Be6 9. Bxf6 Bxf6 10. Qd3 Be7 11. Nd5 Nd7 12. Rd1 Bxd5 13. Qxd5 Qc7 14. O-O O-O
15. c3 b5 16. Qd3 Rab8 17. Qh3 Nf6 18. Bd3 g6 19. Bb1 b4 20. Rc1 Qa7 21. Na5
bxc3 22. Nc6 Qb7 23. Nxb8 cxb2 24. Rc3 Rxb8 25. Rb3 Qc7 26. Rd1 Ne8 27. Rxb8
Qxb8 28. Qa3 Bg5 29. Qxa6 Kg7 30. Qc6 Kf8 31. g3 Qb4 32. Kg2 Bd8 33. a4 Qb6 34.
Qd5 Nc7 35. Qxd6+ Qxd6 36. Rxd6 Ne6 37. Rd5 Bb6 38. a5 Bd4 39. a6 Nc7 40. Ra5
Ba7 41. Ra2 Bd4 42. a7 Na8 43. Ra5 f6 44. Rb5 Bb6 45. Ba2 Bxa7 46. Ra5 1-0

[Event "World Junior Chess Championship U18 b"]
[Site "Gaziantep"]
[Date "2008.08.03"]
[Round "1.13"]
[White "Amin, Bassem"]
[Black "Neimer, Vitaly"]
[Result "1-0"]
[WhiteElo "2561"]
[BlackElo "2316"]
[PlyCount "152"]
[EventDate "2008.08.??"]
[EventType "swiss"]
[EventRounds "13"]
[EventCountry "TUR"]

1. e4 c5 2. Nf3 e6 3. d3 Nc6 4. g3 Nge7 5. Bg2 g6 6. O-O Bg7 7. c3 O-O 8. Re1
b6 9. h4 e5 10. h5 h6 11. hxg6 fxg6 12. Nbd2 d6 13. Nc4 Be6 14. a4 Qd7 15. Be3
Rad8 16. b4 cxb4 17. cxb4 d5 18. exd5 Bxd5 19. b5 Bxf3 20. Bxf3 Nd4 21. Be4
Nef5 22. Bc1 h5 23. Bg5 Rc8 24. Ra2 Ne6 25. Be3 Nxe3 26. Nxe3 Ng5 27. Qb3+ Kh7
28. Qd5 Qe7 29. Kg2 Rcd8 30. Qb3 Rd4 31. Nc2 Rd6 32. Nb4 Qd7 33. Rh1 Nxe4 34.
dxe4 Rd4 35. Nc6 Rxe4 36. f3 Rd4 37. Nxd4 exd4 38. Qd3 Qd5 39. Re2 Rc8 40. g4
Rc3 41. Qe4 Qxe4 42. Rxe4 d3 43. gxh5 d2 44. hxg6+ Kxg6 45. Rd1 Rc2 46. Kf2 Kf5
47. Re7 Bc3 48. Rxa7 Bb4 49. Ke2 Rc4 50. Kd3 Rc3+ 51. Ke2 Rc4 52. Ra6 Ba5 53.
Kd3 Rxa4 54. Rxd2 Rb4 55. Rc2 Rxb5 56. Ra8 Rd5+ 57. Ke3 Bb4 58. Re8 Rd1 59. Re4
Bc5+ 60. Ke2 Rh1 61. Rcc4 Rh2+ 62. Kd3 Rf2 63. Rf4+ Ke5 64. Rce4+ Kd5 65. Rf5+
Kc6 66. Rf6+ Kb5 67. Re2 Rf1 68. f4 Kb4 69. Ke4 Kc3 70. Rh6 Rc1 71. f5 Rf1 72.
Rh3+ Kc4 73. Rf3 Rxf3 74. Kxf3 b5 75. f6 b4 76. Rc2+ Kd5 1-0

[Event "World Junior Chess Championship U18 b"]
[Site "Gaziantep"]
[Date "2008.08.03"]
[Round "1.14"]
[White "Grover, Sahaj"]
[Black "Howell, David"]
[Result "0-1"]
[WhiteElo "2306"]
[BlackElo "2561"]
[PlyCount "86"]
[EventDate "2008.08.??"]
[EventType "swiss"]
[EventRounds "13"]
[EventCountry "TUR"]

1. e4 e5 2. Nf3 Nc6 3. Bb5 a6 4. Ba4 Nf6 5. Qe2 d6 6. c3 g6 7. d4 b5 8. Bb3 Bg7
9. O-O O-O 10. Rd1 Qe7 11. a4 Bd7 12. d5 Na5 13. Bc2 c6 14. axb5 axb5 15. dxc6
Bxc6 16. Bg5 Nc4 17. Rxa8 Rxa8 18. Bb3 Qb7 19. Bxc4 bxc4 20. Bxf6 Bxf6 21. Na3
Bxe4 22. Nxc4 Bxf3 23. Qxf3 Qxf3 24. gxf3 Be7 25. b4 f5 26. Nb6 Rb8 27. Nd5 Bd8
28. Ne3 Be7 29. Nd5 Kf7 30. Ra1 Bd8 31. Ra7+ Ke6 32. Ne3 Rc8 33. Rxh7 Rxc3 34.
Rg7 f4 35. Rxg6+ Kf7 36. Rxd6 fxe3 37. fxe3 Be7 38. Rd5 Ke6 39. Rb5 Rxe3 40.
Kf2 Rb3 41. Kg3 Rxb4 42. Ra5 Kf5 43. Rd5 Bg5 0-1

[Event "World Junior Chess Championship U18 b"]
[Site "Gaziantep"]
[Date "2008.08.03"]
[Round "1.15"]
[White "Iturrizaga, Bonelli Eduardo Pat"]
[Black "Dragicevic, Drazen"]
[Result "0-1"]
[WhiteElo "2561"]
[BlackElo "2302"]
[PlyCount "62"]
[EventDate "2008.08.??"]
[EventType "swiss"]
[EventRounds "13"]
[EventCountry "TUR"]

1. e4 c5 2. Nf3 Nc6 3. d4 cxd4 4. Nxd4 Nf6 5. Nc3 e5 6. Ndb5 d6 7. Bg5 a6 8.
Na3 b5 9. Nd5 Be7 10. Bxf6 Bxf6 11. c3 Rb8 12. Nc2 Bg5 13. a4 bxa4 14. Ncb4 Bd7
15. Bxa6 Nxb4 16. cxb4 O-O 17. Rxa4 Bxa4 18. Qxa4 f5 19. exf5 Rxf5 20. Qc6 e4
21. O-O Kh8 22. g4 Rf8 23. b5 Bf4 24. h3 Qh4 25. Kg2 Be5 26. Qc7 Bd4 27. Nf4
Qf6 28. Qc4 Be5 29. Qxe4 Qxf4 30. Qxf4 Rxf4 31. Rc1 Rb4 0-1

[Event "World Junior Chess Championship U18 b"]
[Site "Gaziantep"]
[Date "2008.08.03"]
[Round "1.16"]
[White "Plenca, Julijan"]
[Black "Hou, Yifan"]
[Result "0-1"]
[WhiteElo "2295"]
[BlackElo "2557"]
[PlyCount "64"]
[EventDate "2008.08.??"]
[EventType "swiss"]
[EventRounds "13"]
[EventCountry "TUR"]

1. e4 e6 2. d4 d5 3. Nc3 Nf6 4. e5 Nfd7 5. f4 c5 6. Nf3 Nc6 7. Be3 Be7 8. Qd2
O-O 9. Be2 a6 10. O-O b5 11. a3 Qb6 12. Nd1 Bb7 13. c3 Na5 14. Qe1 f6 15. exf6
Nxf6 16. Bd3 Nb3 17. Rb1 Ng4 18. Kh1 Rae8 19. Bc2 cxd4 20. Bg1 Nc5 21. Bxd4 Qc7
22. h3 Nf6 23. Ne5 Nce4 24. Qe3 Nh5 25. Bxe4 dxe4 26. Kg1 Bh4 27. Nf2 Rxf4 28.
Nfg4 Bg5 29. Rxf4 Bxf4 30. Qe1 Ng3 31. Bf2 Nf5 32. Bd4 h5 0-1

[Event "World Junior Chess Championship U18 b"]
[Site "Gaziantep"]
[Date "2008.08.03"]
[Round "1.17"]
[White "Kravtsiv, Martyn"]
[Black "Martins, Vinicius Tine"]
[Result "1-0"]
[WhiteElo "2555"]
[BlackElo "2292"]
[PlyCount "94"]
[EventDate "2008.08.??"]
[EventType "swiss"]
[EventRounds "13"]
[EventCountry "TUR"]

1. e4 c5 2. Nf3 d6 3. d4 cxd4 4. Nxd4 Nf6 5. Nc3 a6 6. Bc4 e6 7. O-O b5 8. Bb3
b4 9. Na4 Bd7 10. Re1 Nc6 11. Be3 Rb8 12. Nxc6 Bxc6 13. c3 Be7 14. cxb4 Rxb4
15. Rc1 Bxe4 16. Qd2 Qb8 17. Nb6 Rxb6 18. Bxb6 Qxb6 19. Ba4+ Kf8 20. Rc8+ Bd8
21. Bc6 Bd5 22. Re3 Bxc6 23. Qxd6+ Ke8 24. h3 Nd5 25. Rxc6 Qa7 26. Qxd5 Qxe3
27. Qxd8+ Kxd8 28. fxe3 Ke7 29. Rxa6 Rb8 30. Ra7+ Kf6 31. b3 Rc8 32. b4 Rc1+
33. Kf2 Rc2+ 34. Kf3 Rb2 35. a3 g5 36. Rb7 Ra2 37. Ra7 Rb2 38. g4 Rh2 39. b5
Ke5 40. Rxf7 Rxh3+ 41. Kf2 Ke4 42. b6 Rh2+ 43. Kg3 Rb2 44. b7 Kd5 45. a4 Kc6
46. Rxh7 Rb4 47. a5 Kd5 1-0

[Event "World Junior Chess Championship U18 b"]
[Site "Gaziantep"]
[Date "2008.08.03"]
[Round "1.18"]
[White "Mijovic, Stefan"]
[Black "Khamrakulov, Dzhurabek"]
[Result "0-1"]
[WhiteElo "2289"]
[BlackElo "2554"]
[PlyCount "96"]
[EventDate "2008.08.??"]
[EventType "swiss"]
[EventRounds "13"]
[EventCountry "TUR"]

1. e4 c6 2. d4 d5 3. Nd2 dxe4 4. Nxe4 Bf5 5. Ng3 Bg6 6. h4 h6 7. h5 Bh7 8. Nf3
Nf6 9. Bd3 Bxd3 10. Qxd3 e6 11. Bd2 Nbd7 12. c4 Qc7 13. O-O-O O-O-O 14. Rh4 c5
15. Bf4 Qa5 16. Kb1 cxd4 17. Qxd4 Bc5 18. Qd2 Qb6 19. Qe2 Rhe8 20. Ne5 Nxe5 21.
Rxd8+ Qxd8 22. Bxe5 Nd7 23. Rh1 Nxe5 24. Qxe5 Qd3+ 25. Ka1 Bb6 26. c5 f6 27.
Qe4 Qxe4 28. Nxe4 Bc7 29. Rd1 Rd8 30. Rxd8+ Kxd8 31. b4 Be5+ 32. Kb1 f5 33. Ng3
Bc3 34. a3 Be1 35. Nh1 a5 36. b5 Bc3 37. f3 Bd4 38. Kc2 Bxc5 39. a4 Ke7 40. Kd3
Kf6 41. f4 Bd6 42. Ke3 e5 43. fxe5+ Kxe5 44. Kd3 Kf4 45. Kd4 b6 46. Kd5 Bc5 47.
Ke6 Kg4 48. Ke5 Bg1 0-1

[Event "World Junior Chess Championship U18 b"]
[Site "Gaziantep"]
[Date "2008.08.03"]
[Round "1.19"]
[White "Gupta, Abhijeet"]
[Black "Serenac, Ivan"]
[Result "1-0"]
[WhiteElo "2551"]
[BlackElo "2289"]
[PlyCount "93"]
[EventDate "2008.08.??"]
[EventType "swiss"]
[EventRounds "13"]
[EventCountry "TUR"]

1. d4 Nf6 2. c4 g6 3. Nc3 d5 4. cxd5 Nxd5 5. Bd2 Bg7 6. e4 Nb6 7. Be3 O-O 8. h3
Nc6 9. Nf3 f5 10. exf5 Bxf5 11. Qb3+ Kh8 12. d5 Ne5 13. Nxe5 Bxe5 14. g4 Nxd5
15. gxf5 Nxe3 16. fxe3 Rxf5 17. Ne4 e6 18. h4 Qd5 19. Qxd5 exd5 20. Nc3 Re8 21.
Bd3 Bxc3+ 22. bxc3 Rxe3+ 23. Kd2 Rff3 24. Be2 Rg3 25. h5 Re7 26. h6 Rg2 27.
Rae1 Kg8 28. Kd1 c6 29. Rhf1 Rh2 30. Bg4 Rxe1+ 31. Kxe1 Rxh6 32. Be6+ Kg7 33.
Rf7+ Kh8 34. Rxb7 Rh1+ 35. Kd2 Rh2+ 36. Kd3 Rxa2 37. Rc7 Ra6 38. Kd4 h5 39. Ke5
Ra1 40. Kf6 Rg1 41. Bf7 h4 42. Bxg6 Rf1+ 43. Bf5 Rg1 44. Rh7+ Kg8 45. Rxa7 Kh8
46. Rh7+ Kg8 47. Rxh4 1-0

[Event "World Junior Chess Championship U18 b"]
[Site "Gaziantep"]
[Date "2008.08.03"]
[Round "1.20"]
[White "Rzayev, Bahruz"]
[Black "Popov, Ivan"]
[Result "0-1"]
[WhiteElo "2245"]
[BlackElo "2549"]
[PlyCount "58"]
[EventDate "2008.08.??"]
[EventType "swiss"]
[EventRounds "13"]
[EventCountry "TUR"]

1. e4 c5 2. Nc3 Nc6 3. g3 g6 4. Bg2 Bg7 5. d3 d6 6. Nh3 e6 7. O-O Nge7 8. Be3
Nd4 9. Qd2 O-O 10. Nd1 b5 11. c3 Ndc6 12. Bh6 b4 13. Bxg7 Kxg7 14. f4 bxc3 15.
bxc3 d5 16. e5 Ba6 17. Nhf2 h5 18. h3 f6 19. g4 fxe5 20. fxe5 Nxe5 21. Qe2 N7c6
22. gxh5 Qg5 23. hxg6 Rf3 24. Kh2 Rg3 25. Nh1 Rxd3 26. Ndf2 Rg3 27. Nxg3 Bxe2
28. Nxe2 Rf8 29. Rab1 Nf3+ 0-1

[Event "World Junior Chess Championship U18 b"]
[Site "Gaziantep"]
[Date "2008.08.03"]
[Round "1.21"]
[White "Sjugirov, Sanan"]
[Black "Nukin, Askhat"]
[Result "1/2-1/2"]
[WhiteElo "2545"]
[BlackElo "2244"]
[PlyCount "74"]
[EventDate "2008.08.??"]
[EventType "swiss"]
[EventRounds "13"]
[EventCountry "TUR"]

1. e4 c5 2. Nf3 e6 3. d4 cxd4 4. Nxd4 a6 5. Bd3 Nf6 6. O-O Qc7 7. Qe2 d6 8. c4
g6 9. Nc3 Bg7 10. Nf3 O-O 11. Bf4 Nc6 12. Rac1 e5 13. Bg5 h6 14. Be3 Bg4 15.
Nd5 Qd8 16. h3 Nxd5 17. cxd5 Nd4 18. Bxd4 Bxf3 19. Qxf3 exd4 20. Rc4 Rc8 21.
Rfc1 Rxc4 22. Rxc4 h5 23. Qd1 Be5 24. Qc1 Qf6 25. Rc7 Rb8 26. a4 Kg7 27. b4 h4
28. Kf1 Bf4 29. Qd1 Qd8 30. Rc4 Rc8 31. a5 Rxc4 32. Bxc4 Qf6 33. Be2 Be5 34.
Bf3 Qd8 35. Qc2 b6 36. axb6 Qxb6 37. Qc4 d3 1/2-1/2

[Event "World Junior Chess Championship U18 b"]
[Site "Gaziantep"]
[Date "2008.08.03"]
[Round "1.22"]
[White "Constantinou, Peter"]
[Black "Leon Hoyos, Manuel"]
[Result "0-1"]
[WhiteElo "2225"]
[BlackElo "2543"]
[PlyCount "76"]
[EventDate "2008.08.??"]
[EventType "swiss"]
[EventRounds "13"]
[EventCountry "TUR"]

1. g3 c5 2. Bg2 Nc6 3. d3 g6 4. c4 Bg7 5. Nc3 d6 6. e4 a6 7. Nge2 e5 8. a3 Nge7
9. Rb1 a5 10. Nd5 O-O 11. O-O Bd7 12. Nec3 h6 13. Nxe7+ Nxe7 14. b4 b6 15. bxc5
bxc5 16. Bd2 Kh7 17. Qb3 Bc6 18. Nd5 Nxd5 19. exd5 Bd7 20. Qb6 Qe7 21. Qb7 f5
22. Rb6 Rfc8 23. Rfb1 Bf8 24. Ra6 Qe8 25. Rxa8 Rxa8 26. Qc7 Rc8 27. Qxa5 Rb8
28. Rb6 Be7 29. Bf1 g5 30. Be2 Kg7 31. Bc3 f4 32. Kg2 h5 33. Bd1 h4 34. g4 h3+
35. Kf1 Qd8 36. Rxb8 Qxb8 37. f3 Qb1 38. Ke2 Bxg4 0-1

[Event "World Junior Chess Championship U18 b"]
[Site "Gaziantep"]
[Date "2008.08.03"]
[Round "1.23"]
[White "Braun, Arik"]
[Black "McPhillips, Karl"]
[Result "1-0"]
[WhiteElo "2533"]
[BlackElo "2221"]
[PlyCount "101"]
[EventDate "2008.08.??"]
[EventType "swiss"]
[EventRounds "13"]
[EventCountry "TUR"]

1. d4 Nf6 2. c4 e6 3. Nc3 Bb4 4. Qc2 d5 5. cxd5 exd5 6. Bg5 c5 7. dxc5 h6 8.
Bh4 g5 9. Bg3 Ne4 10. O-O-O Bxc3 11. f3 Bd2+ 12. Rxd2 Nxd2 13. Qxd2 Nc6 14. h4
g4 15. e3 Be6 16. Bb5 Rc8 17. Ne2 a6 18. Qc3 Rg8 19. Ba4 gxf3 20. gxf3 b5 21.
cxb6 Qxb6 22. Bd6 Bd7 23. Kb1 Qa5 24. Qf6 Qxa4 25. Nd4 Qc4 26. Rd1 Bf5+ 27.
Nxf5 Qe2 28. Rc1 Qd3+ 29. Ka1 Rg6 30. Ng7+ Rxg7 31. Qxg7 Qxe3 32. Qg1 Qxg1 33.
Rxg1 Kd7 34. Bf4 Nd4 35. Rd1 Nxf3 36. Rxd5+ Ke6 37. Rd6+ Kf5 38. Bxh6 Re8 39.
a4 Re6 40. Rxe6 fxe6 41. b4 Ke4 42. h5 Ne5 43. Bg7 Nf7 44. h6 e5 45. h7 Kd5 46.
Kb2 Kc4 47. Bf8 e4 48. b5 e3 49. Kc2 axb5 50. a5 b4 51. Bxb4 1-0

[Event "World Junior Chess Championship U18 b"]
[Site "Gaziantep"]
[Date "2008.08.03"]
[Round "1.24"]
[White "Vavric, Pavel"]
[Black "Ramirez, Alejandro"]
[Result "1-0"]
[WhiteElo "2218"]
[BlackElo "2531"]
[PlyCount "75"]
[EventDate "2008.08.??"]
[EventType "swiss"]
[EventRounds "13"]
[EventCountry "TUR"]

1. e4 Nf6 2. e5 Nd5 3. d4 d6 4. c4 Nb6 5. exd6 cxd6 6. Nc3 g6 7. Nf3 Bg7 8. Be2
Nc6 9. h3 O-O 10. O-O Bf5 11. Bg5 h6 12. Be3 d5 13. c5 Nc4 14. Bc1 b6 15. b3
N4a5 16. cxb6 axb6 17. Bb2 e5 18. Nxe5 Nxe5 19. dxe5 Bxe5 20. Qd2 Rc8 21. Rac1
Bg7 22. Bf3 d4 23. Nb5 Qh4 24. Nd6 Rxc1 25. Rxc1 Be6 26. b4 Qe7 27. bxa5 Qxd6
28. Rc6 Qd8 29. Ba3 Re8 30. a6 Be5 31. a7 d3 32. Bb4 Qd7 33. Bc3 Bd4 34. Qf4
Bxc3 35. Rxc3 Qb5 36. Bc6 Qb2 37. Bxe8 d2 38. Ba4 1-0

[Event "World Junior Chess Championship U18 b"]
[Site "Gaziantep"]
[Date "2008.08.03"]
[Round "1.25"]
[White "Brkic, Ante"]
[Black "Niemi, Mikko"]
[Result "1-0"]
[WhiteElo "2530"]
[BlackElo "2214"]
[PlyCount "43"]
[EventDate "2008.08.??"]
[EventType "swiss"]
[EventRounds "13"]
[EventCountry "TUR"]

1. e4 d5 2. exd5 Qxd5 3. Nc3 Qd6 4. d4 Nf6 5. Nf3 a6 6. g3 Bg4 7. Bg2 Nc6 8.
O-O O-O-O 9. d5 Nb4 10. h3 Bh5 11. Bf4 Qc5 12. Be3 Qd6 13. Qe2 Nbxd5 14. Nxd5
Nxd5 15. Rad1 Qe6 16. g4 Nxe3 17. Ng5 Qb6 18. Rxd8+ Kxd8 19. gxh5 Nxf1 20. Qd3+
Ke8 21. Qf5 Qd6 22. Bxb7 1-0